000 00553nam a2200145Ia 4500
008 250506s9999 xx 000 0 und d
024 _a15B-002-CS, 15B-035-CS & 15B-036-CS
082 _a005.609072 TAH
100 _aTaha Tauqeer, Taimur Rafiq & Muhammad Tufail Ahmed Khan
245 0 _aWeb Portal for HIDAYAH Academy
260 _aKarachi:
_bUIT,
_c2015
600 _aComputer Science
650 _aBachelor of Computer Science (BS)
856 _uhttps://drive.google.com/file/d/1qvWdeblt-3LQeyhLEkJfwMVLTnvrbvNS/view?usp=sharing
_yClick here for PDF
999 _c28867
_d28867